Letters by a modern mystic. (Record no. 13643)

000 -LEADER
fixed length control field 00550nam a2200181 a 4500
001 - CONTROL NUMBER
control field :::00011466$&:&@@
003 - CONTROL NUMBER IDENTIFIER
control field OkBaRHE
005 - DATE AND TIME OF LATEST TRANSACTION
control field 20000607103408.0
008 - FIXED-LENGTH DATA ELEMENTS--GENERAL INFORMATION
fixed length control field s1958 j 000 0 eng u
040 ## - CATALOGING SOURCE
Transcribing agency
100 1# - MAIN ENTRY--PERSONAL NAME
Personal name Laubach, Frank Charles, 1884-1970.
245 10 - TITLE STATEMENT
Title Letters by a modern mystic.
260 ## - PUBLICATION, DISTRIBUTION, ETC. (IMPRINT)
Place of publication, distribution, etc New York, NY., :
Name of publisher, distributor, etc Fleming H. Revell Co.
Date of publication, distribution, etc c1958
300 ## - PHYSICAL DESCRIPTION
Extent 62 p. ;
Dimensions 17 cm.
650 ## - SUBJECT ADDED ENTRY--TOPICAL TERM
Topical term or geographic name as entry element Mysticism
942 ## - ADDED ENTRY ELEMENTS (KOHA)
Source of classification or shelving scheme
Koha item type Books
Copies
Shelving location Date last seen Price effective from Source of classification or shelving scheme Full call number Lost status Date acquired Koha item type Withdrawn status Copy number Barcode Permanent Location Not for loan Damaged status
General Stacks2010-04-142010-04-14 BV 5085 .L29 2010-04-14Books 111466RHEMA Bible Training College